|
|
|
|
| LEADER |
00000nam0a2200000 4500 |
| 001 |
321615 |
| 005 |
20231102003407.0 |
| 035 |
|
|
|a (RuTPU)RU\TPU\book\347171
|
| 090 |
|
|
|a 321615
|
| 100 |
|
|
|a 20160831d1971 m y0rusy50 ca
|
| 101 |
1 |
|
|a rus
|c fre
|
| 102 |
|
|
|a RU
|
| 105 |
|
|
|a y z 000zy
|
| 200 |
1 |
|
|a Промышленный шпионаж
|e пер. с фр.
|f Ж. Бержье
|g авт. предисл. Н. Н. Любимов
|
| 210 |
|
|
|a Москва
|c Международные отношения
|d 1971
|
| 215 |
|
|
|a 176 с.
|
| 606 |
1 |
|
|a Промышленность
|x Капиталистические страны
|2 stltpush
|3 (RuTPU)RU\TPU\subj\52319
|9 70805
|
| 606 |
1 |
|
|a Шпионаж империалистический
|2 stltpush
|3 (RuTPU)RU\TPU\subj\19416
|9 44659
|
| 610 |
1 |
|
|a промышленный шпионаж
|
| 610 |
1 |
|
|a история
|
| 610 |
1 |
|
|a 18 век
|
| 610 |
1 |
|
|a 19 век
|
| 610 |
1 |
|
|a 20 век
|
| 610 |
1 |
|
|a Европа
|
| 610 |
1 |
|
|a США
|
| 610 |
1 |
|
|a диверсии
|
| 610 |
1 |
|
|a контрразведка
|
| 686 |
|
|
|a У830
|v LBC/SL-A
|2 rubbk
|
| 686 |
|
|
|a Ф4(0,8)5
|v LBC/SL-A
|2 rubbk
|
| 700 |
|
1 |
|a Бержье
|b Ж.
|g Жак
|
| 702 |
|
1 |
|a Любимов
|b Н. Н.
|4 080
|
| 801 |
|
1 |
|a RU
|b 63413507
|c 20160831
|
| 801 |
|
2 |
|a RU
|b 63413507
|c 20190904
|g RCR
|
| 942 |
|
|
|c BK
|